000 00892nam a2200277 a 4500
001 BRCA_8073
005 20190320210123.0
008 030414s1970----gw-a###f##---#001-0#ger-#
020 _a3791303325 (in umschlag)
020 _a3791303333 (in geschenk mappe)
041 _ager
044 _agw
050 4 _aBS2393
_b.D87 1970
100 1 _aDürer, Albrecht
_920063
245 1 0 _aDie apokalypse
_cAlbrecht Dürer ; herausgegeben von Ludwig Grote.
260 _aMúnich
_bPrestel-Verlag
_c1970
300 _a1 v. (sin paginación)
_bil., 15 láminas
_c50 cm.
500 _aFacsímil de la Urausg alemán de 1498: ´La revelación secreta de Juan´
500 _aY101
504 _aBibliografía: p. 2
650 1 4 _aApocalipsis
_vSagrada escritura
_920064
650 1 4 _aProfecías bíblicas
_vPinturas
_920065
700 1 _aGrote, Ludwig
_eed.
_920066
902 _aGFM
942 _2lcc
_cB
999 _c7741
_d7741